[Event "Mittelfranken-chTB2a 1718"]
[Site "Mittelfranken"]
[Date "2017.10.29"]
[Round "2.5"]
[White "Kocak, Ediz"]
[Black "Siptitz, Friedrich"]
[Result "1-0"]
[WhiteElo "1802"]
[BlackElo "1827"]
[PlyCount "73"]
[EventDate "2017.10.08"]
[EventType "team-tourn"]
[EventRounds "9"]
[EventCountry "GER"]
[SourceTitle "EXT 2022"]
[Source "ChessBase"]
[SourceDate "2021.10.06"]
[SourceVersion "1"]
[SourceVersionDate "2021.10.06"]
[SourceQuality "1"]
[WhiteTeam "Fuerth SG"]
[BlackTeam "Nuernberg Sued SW IV"]
[WhiteTeamCountry "GER"]
[BlackTeamCountry "GER"]

1. e4 c5 2. Nf3 d6 3. d4 cxd4 4. Nxd4 Nf6 5. Nc3 a6 6. Bg5 e6 7. f4 Be7 8. Qf3 0-0 9. 0-0-0 Qc7 10. g4 Nc6 11. h4 Nxd4 12. Rxd4 b5 13. h5 Bb7 14. Bh4 Rfd8 15. g5 Ne8 16. Bh3 Qc5 17. Bf2 Qc7 18. g6 Bf6 19. h6 fxg6 20. Bxe6+ Kf8 21. Nd5 Bxd5 22. Bxd5 Rac8 23. c3 gxh6 24. f5 Qg7 25. Be3 g5 26. Kb1 Nc7 27. Bb3 d5 28. exd5 Rd6 29. Rd2 Ne8 30. Qf2 Rd7 31. Re2 Nd6 32. Bc5 Kg8 33. Re6 Nf7 34. d6 Kh8 35. Rxf6 Rxc5 36. Rxf7 Qxf7 37. Bxf7 1-0

[Event "Mittelfranken-chTB2a 1617"]
[Site "Mittelfranken"]
[Date "2017.05.14"]
[Round "9.4"]
[White "Schoenberger, Andreas"]
[Black "Siptitz, Friedrich"]
[Result "1-0"]
[WhiteElo "1798"]
[BlackElo "1827"]
[PlyCount "125"]
[EventDate "2016.10.23"]
[EventType "team-tourn"]
[EventRounds "9"]
[EventCountry "GER"]
[SourceTitle "EXT 2022"]
[Source "ChessBase"]
[SourceDate "2021.10.06"]
[SourceVersion "1"]
[SourceVersionDate "2021.10.06"]
[SourceQuality "1"]
[WhiteTeam "Buechenbach/Roth II"]
[BlackTeam "Nuernberg Sued SW IV"]
[WhiteTeamCountry "GER"]
[BlackTeamCountry "GER"]

1. d4 Nf6 2. c4 e6 3. Nc3 c5 4. d5 exd5 5. Nxd5 Nxd5 6. Qxd5 Nc6 7. a3 Nd4 8. Qe4+ Be7 9. Nf3 Nb3 10. Rb1 0-0 11. Bf4 Bf6 12. Qd3 Qb6 13. Nd2 Nxd2 14. Qxd2 Re8 15. e3 Be7 16. Be2 d6 17. 0-0 Be6 18. e4 Rac8 19. Be3 Qc6 20. Bd3 a6 21. f4 f6 22. Qe2 Rb8 23. Qh5 g6 24. Qh6 Bf8 25. Qh4 Bf7 26. Rf3 Rxe4 27. Rh3 h6 28. Qxf6 Bg7 29. Qh4 Rxe3 30. Rxe3 Bd4 31. Rbe1 Re8 32. Qg3 Kg7 33. h4 Rxe3 34. Rxe3 Qe8 35. Kf2 b5 36. cxb5 axb5 37. Ke2 Bxe3 38. Qxe3 Qc6 39. Be4 d5 40. Bf3 Qd6 41. g3 d4 42. Qe4 c4 43. Qc6 Qe7+ 44. Qe4 Qc5 45. Kd2 Qb6 46. Qe5+ Kg8 47. f5 gxf5 48. Qxf5 b4 49. Be4 bxa3 50. bxa3 Qb2+ 51. Ke1 d3 52. Qh7+ Kf8 53. Qxh6+ Ke7 54. Qg5+ Qf6 55. a4 Qxg5 56. hxg5 Kd6 57. g6 Bg8 58. Kd2 Kc5 59. Kc3 d2 60. Kxd2 Kb4 61. Bc6 c3+ 62. Kc1 Bb3 63. Be8 1-0

[Event "Mittelfranken-chTB2a 1415"]
[Site "Mittelfranken"]
[Date "2014.11.16"]
[Round "3.7"]
[White "Siptitz, Friedrich"]
[Black "Gets, Alexej"]
[Result "1/2-1/2"]
[WhiteElo "1830"]
[BlackElo "1706"]
[PlyCount "74"]
[EventDate "2014.09.28"]
[EventType "team-tourn"]
[EventRounds "9"]
[EventCountry "GER"]
[SourceTitle "EXT 2020"]
[Source "ChessBase"]
[SourceDate "2019.10.17"]
[SourceVersion "1"]
[SourceVersionDate "2019.10.17"]
[SourceQuality "1"]
[WhiteTeam "Nuernberg Sued SW IV"]
[BlackTeam "Nuernberg NT V"]
[WhiteTeamCountry "GER"]
[BlackTeamCountry "GER"]

1. d4 Nf6 2. c4 e6 3. Bg5 Bb4+ 4. Nc3 h6 5. Bh4 c5 6. dxc5 Bxc5 7. e3 Nc6 8. a3 a5 9. Nf3 g5 10. Bg3 Qe7 11. Na4 Ne4 12. Bd3 Nxg3 13. hxg3 g4 14. Nd2 Ne5 15. Be2 f5 16. Nb3 b6 17. Nd4 Ba6 18. Nb5 Bxb5 19. cxb5 Rc8 20. Rc1 Kf7 21. 0-0 h5 22. Nxc5 Rxc5 23. Qd4 Rhc8 24. Rxc5 Qxc5 25. Qd2 d5 26. Rb1 Qc2 27. Qe1 Nd3 28. Bxd3 Qxd3 29. Qf1 Qxf1+ 30. Kxf1 a4 31. b3 axb3 32. Rxb3 Rc1+ 33. Ke2 Rc2+ 34. Ke1 Rc1+ 35. Kd2 Rf1 36. Ke2 Rc1 37. Kd3 Rd1+ 1/2-1/2

[Event "Mittelfranken-chTB1 1314"]
[Site "Mittelfranken"]
[Date "2013.12.01"]
[Round "3.7"]
[White "Wellmann, Franz Georg"]
[Black "Siptitz, Friedrich"]
[Result "1-0"]
[WhiteElo "1770"]
[BlackElo "1830"]
[PlyCount "93"]
[EventDate "2013.10.20"]
[EventType "team-tourn"]
[EventRounds "9"]
[EventCountry "GER"]
[SourceTitle "EXT 2020"]
[Source "ChessBase"]
[SourceDate "2019.10.17"]
[SourceVersion "1"]
[SourceVersionDate "2019.10.17"]
[SourceQuality "1"]
[WhiteTeam "Herzogenaurach"]
[BlackTeam "Nuernberg Sued SW III"]
[WhiteTeamCountry "GER"]
[BlackTeamCountry "GER"]

1. e4 g6 2. d4 Bg7 3. Be3 c6 4. Qd2 d5 5. Nc3 dxe4 6. Nxe4 Nd7 7. Bc4 Nb6 8. Bb3 Nd5 9. Ng5 Ngf6 10. f3 0-0 11. Bf2 a5 12. a3 Qb6 13. Ne2 a4 14. Bxd5 cxd5 15. Qb4 Qa6 16. Ng3 h6 17. Nh3 Re8 18. 0-0-0 Bd7 19. Nf4 Rac8 20. Nd3 Rc4 21. Nc5 Qc6 22. Qd2 b6 23. Nd3 Rc8 24. c3 Qb5 25. Nb4 e6 26. Kb1 Bf8 27. Rc1 Ne8 28. Be3 Kh7 29. h4 f6 30. h5 g5 31. f4 Be7 32. f5 exf5 33. Qc2 Ng7 34. Rhf1 Bxb4 35. axb4 Kg8 36. Rxf5 Bxf5 37. Nxf5 Qd7 38. Nxh6+ Kf8 39. Qh7 Qe6 40. Qh8+ Ke7 41. Qxg7+ Kd6 42. Re1 Kc6 43. Bf2 Qd6 44. Bg3 Qxg3 45. Re6+ Kb5 46. Qd7+ Ka6 47. b5+ 1-0

[Event "Mittelfranken-chTB1 1213"]
[Site "Germany"]
[Date "2013.04.21"]
[Round "9.6"]
[White "Siptitz, Friedrich"]
[Black "Pranschke, Gerd"]
[Result "1/2-1/2"]
[WhiteElo "1933"]
[BlackElo "1887"]
[PlyCount "126"]
[EventDate "2012.10.07"]
[EventType "team-tourn"]
[EventRounds "9"]
[EventCountry "GER"]
[SourceTitle "EXT 2019"]
[Source "ChessBase"]
[SourceDate "2018.10.10"]
[SourceVersion "1"]
[SourceVersionDate "2018.10.10"]
[SourceQuality "1"]
[WhiteTeam "Nuernberg Sued SW III"]
[BlackTeam "Nuernberg NT III"]
[WhiteTeamCountry "GER"]
[BlackTeamCountry "GER"]

1. d4 Nf6 2. g3 g6 3. Bg2 Bg7 4. c4 0-0 5. Nf3 d6 6. Nc3 c6 7. 0-0 Qc7 8. e4 Bg4 9. Be3 Nbd7 10. Qd2 Bxf3 11. Bxf3 Rfe8 12. Bg2 e5 13. d5 c5 14. Bh3 a6 15. Qd3 Rab8 16. a4 b6 17. Rae1 h6 18. Kh1 Kh7 19. Bd2 Rf8 20. f4 Rbe8 21. f5 Qd8 22. g4 Ng8 23. Qg3 g5 24. Bg2 Bf6 25. Qd3 Ne7 26. Ra1 a5 27. Rg1 Nc8 28. Ne2 Rh8 29. Ng3 Reg8 30. Nh5 Qe7 31. Bf3 Na7 32. Rg2 Nc8 33. Rag1 Re8 34. Be3 Bg7 35. Qd2 f6 36. h4 Kg8 37. Bd1 Nf8 38. Qf2 Nh7 39. Rh2 Kf7 40. Rf1 Qd7 41. hxg5 Nxg5 42. Bc2 Reg8 43. Qh4 Ke8 44. Bxg5 hxg5 45. Qe1 Qf7 46. Rf3 Rh6 47. Rfh3 Rgh8 48. Bd1 Ne7 49. Qc3 Nc8 50. Qb3 Kd8 51. Qb5 Bf8 52. Kg2 Be7 53. Qc6 Bf8 54. Qb5 Be7 55. Qb3 Bf8 56. Kg3 Be7 57. Qf3 Bf8 58. Qh1 Ne7 59. Kg2 Ng8 60. b3 Kc7 61. Ng3 Rxh3 62. Rxh3 Rxh3 63. Qxh3 Kd7 1/2-1/2

[Event "Mittelfranken-chTB1 1213"]
[Site "Germany"]
[Date "2012.12.17"]
[Round "5.5"]
[White "Siptitz, Friedrich"]
[Black "Schoeller, Wolfgang"]
[Result "1-0"]
[WhiteElo "1933"]
[BlackElo "1999"]
[PlyCount "41"]
[EventDate "2012.10.07"]
[EventType "team-tourn"]
[EventRounds "9"]
[EventCountry "GER"]
[SourceTitle "EXT 2019"]
[Source "ChessBase"]
[SourceDate "2018.10.10"]
[SourceVersion "1"]
[SourceVersionDate "2018.10.10"]
[SourceQuality "1"]
[WhiteTeam "Nuernberg Sued SW III"]
[BlackTeam "Fuerth SF"]
[WhiteTeamCountry "GER"]
[BlackTeamCountry "GER"]

1. d4 d5 2. Nf3 Nf6 3. g3 Bf5 4. Bg2 h6 5. c4 c6 6. Nc3 e6 7. 0-0 Nbd7 8. cxd5 exd5 9. Re1 Be7 10. h3 Ne4 11. g4 Nxc3 12. bxc3 Be4 13. Ne5 Bxg2 14. Kxg2 Nf6 15. f3 Bd6 16. Bf4 Qc7 17. e3 g5 18. Bh2 0-0-0 19. Rh1 Rh7 20. Qd3 Rdh8 21. Qf5+ 1-0

[Event "Mittelfranken-chTB2a 1112"]
[Site "Germany"]
[Date "2011.12.11"]
[Round "4.5"]
[White "Siptitz, Friedrich"]
[Black "Tapia Egoavil, Carlos"]
[Result "1/2-1/2"]
[WhiteElo "1936"]
[BlackElo "1832"]
[PlyCount "50"]
[EventDate "2011.09.25"]
[EventType "team-tourn"]
[EventRounds "9"]
[EventCountry "GER"]
[SourceTitle "EXT 2013"]
[Source "ChessBase"]
[SourceDate "2012.11.22"]
[SourceVersion "1"]
[SourceVersionDate "2012.11.22"]
[SourceQuality "1"]
[WhiteTeam "Nuernberg Sued SW III"]
[BlackTeam "Rothenburg"]
[WhiteTeamCountry "GER"]
[BlackTeamCountry "GER"]

1. d4 Nf6 2. c4 c5 3. d5 g6 4. Nc3 Bg7 5. g3 0-0 6. Bg2 d6 7. Nf3 Nbd7 8. 0-0 a6 9. a4 Rb8 10. h3 Qc7 11. Qc2 Nb6 12. Qd3 Bd7 13. e4 e5 14. Be3 h6 15. Nh4 Nh5 16. b3 Kh7 17. Qe2 Qd8 18. Kh2 Nf4 19. Qd2 Nxg2 20. Nxg2 Qc8 21. g4 f5 22. f3 f4 23. Bf2 g5 24. Qc2 Qd8 25. a5 Nc8 1/2-1/2

[Event "Mittelfranken-chTB1 1011"]
[Site "Germany"]
[Date "2010.12.05"]
[Round "4.6"]
[White "Siptitz, Friedrich"]
[Black "Hein, Manfred"]
[Result "1-0"]
[WhiteElo "1948"]
[BlackElo "1922"]
[PlyCount "154"]
[EventDate "2010.09.26"]
[EventType "team-tourn"]
[EventRounds "9"]
[EventCountry "GER"]
[SourceTitle "EXT 2012"]
[Source "ChessBase"]
[SourceDate "2011.11.24"]
[SourceVersion "1"]
[SourceVersionDate "2011.11.24"]
[SourceQuality "1"]
[WhiteTeam "Nuernberg Sued SW III"]
[BlackTeam "Gunzenhausen"]
[WhiteTeamCountry "GER"]
[BlackTeamCountry "GER"]

1. d4 d5 2. c4 c6 3. Nf3 Nf6 4. g3 e6 5. Bg2 dxc4 6. a4 Bb4+ 7. Nc3 Ne4 8. Qc2 Qa5 9. Bd2 Nxd2 10. Nxd2 Qd8 11. e3 0-0 12. Nxc4 a5 13. 0-0 Nd7 14. Rad1 Nb6 15. Ne5 Bd7 16. b3 Nd5 17. Ne2 Be7 18. Nd3 Nb4 19. Nxb4 Bxb4 20. Nf4 Rc8 21. Nd3 Be7 22. Rfe1 Qb6 23. Nc5 Rfd8 24. f4 Be8 25. Bh3 g6 26. Qc4 Bxc5 27. dxc5 Qc7 28. Qc3 Rxd1 29. Rxd1 Rd8 30. Rd4 Rxd4 31. Qxd4 Qd7 32. Qc3 Qd8 33. Bf1 f6 34. b4 axb4 35. Qxb4 Qd7 36. a5 Kf7 37. Kf2 Ke7 38. Qb6 Qd2+ 39. Be2 Qd7 40. Qb4 Qc7 41. h4 Qd7 42. g4 h6 43. Qc3 Kf7 44. Bc4 Qc7 45. Kf3 Ke7 46. g5 hxg5 47. hxg5 fxg5 48. fxg5 e5 49. Ke4 Bf7 50. Bxf7 Kxf7 51. Qxe5 Qd8 52. Kf4 Qxa5 53. Qf6+ Ke8 54. Qxg6+ Kd8 55. Qg8+ Kc7 56. Qf7+ Kb8 57. Qf8+ Ka7 58. Qd6 Qe1 59. g6 Qf2+ 60. Ke4 Qg2+ 61. Ke5 Qh2+ 62. Kf6 Qb2+ 63. Qe5 Qf2+ 64. Ke7 Qh4+ 65. Ke8 Qc4 66. Kf8 Qh4 67. g7 Qd8+ 68. Kf7 Qd7+ 69. Kf6 Qg4 70. Kf7 Qf3+ 71. Ke7 Qg4 72. Kf8 Qf3+ 73. Ke7 Qg4 74. Qf6 Qg2 75. Qf7 Qe4+ 76. Kf8 Qd3 77. g8Q Qd8+ 1-0

[Event "Mittelfranken-chTB1 0910"]
[Site "Mittelfranken"]
[Date "2010.03.14"]
[Round "8.6"]
[White "Borel, Markus"]
[Black "Siptitz, Friedrich"]
[Result "1/2-1/2"]
[WhiteElo "1883"]
[BlackElo "1990"]
[PlyCount "26"]
[EventDate "2009.10.11"]
[EventType "team-tourn"]
[EventRounds "9"]
[EventCountry "GER"]
[SourceTitle "EXT 2011"]
[Source "ChessBase"]
[SourceDate "2010.11.26"]
[SourceVersion "1"]
[SourceVersionDate "2010.11.26"]
[SourceQuality "1"]
[WhiteTeam "Grossenseebach"]
[BlackTeam "Nuernberg Sued SW II"]
[WhiteTeamCountry "GER"]
[BlackTeamCountry "GER"]

1. b3 Nf6 2. Bb2 g6 3. e3 Bg7 4. Nf3 d6 5. d4 Nbd7 6. Be2 0-0 7. Nbd2 d5 8. Bd3 c5 9. 0-0 Ne8 10. c4 cxd4 11. exd4 dxc4 12. bxc4 Qc7 13. Re1 Ndf6 1/2-1/2

[Event "Mittelfranken-chTB1 0910"]
[Site "Mittelfranken"]
[Date "2009.12.06"]
[Round "4.7"]
[White "Roesel, Gert"]
[Black "Siptitz, Friedrich"]
[Result "1/2-1/2"]
[WhiteElo "1898"]
[BlackElo "1990"]
[PlyCount "54"]
[EventDate "2009.10.11"]
[EventType "team-tourn"]
[EventRounds "9"]
[EventCountry "GER"]
[SourceTitle "EXT 2011"]
[Source "ChessBase"]
[SourceDate "2010.11.26"]
[SourceVersion "1"]
[SourceVersionDate "2010.11.26"]
[SourceQuality "1"]
[WhiteTeam "Altensittenbach"]
[BlackTeam "Nuernberg Sued SW II"]
[WhiteTeamCountry "GER"]
[BlackTeamCountry "GER"]

1. e4 c6 2. d4 d5 3. exd5 cxd5 4. c4 Nf6 5. Nc3 e6 6. Nf3 Be7 7. Bf4 a6 8. c5 0-0 9. Bd3 Nc6 10. 0-0 b6 11. cxb6 Qxb6 12. Na4 Qd8 13. Rc1 Bd6 14. Bg5 Bd7 15. Bxf6 gxf6 16. Nc5 Rb8 17. b3 a5 18. Nxd7 Qxd7 19. Bxh7+ Kxh7 20. Qc2+ Kg7 21. Qxc6 Qe7 22. Qa6 Ra8 23. Qd3 a4 24. Rc2 axb3 25. axb3 Qb7 26. Rb1 Rh8 27. h3 Bb4 1/2-1/2

[Event "Mittelfranken-chTB1 0910"]
[Site "Mittelfranken"]
[Date "2009.10.25"]
[Round "2.7"]
[White "Schanz, Karlheinz"]
[Black "Siptitz, Friedrich"]
[Result "1-0"]
[WhiteElo "1805"]
[BlackElo "1990"]
[PlyCount "137"]
[EventDate "2009.10.11"]
[EventType "team-tourn"]
[EventRounds "9"]
[EventCountry "GER"]
[SourceTitle "EXT 2011"]
[Source "ChessBase"]
[SourceDate "2010.11.26"]
[SourceVersion "1"]
[SourceVersionDate "2010.11.26"]
[SourceQuality "1"]
[WhiteTeam "Muehlhof/Mfr"]
[BlackTeam "Nuernberg Sued SW II"]
[WhiteTeamCountry "GER"]
[BlackTeamCountry "GER"]

1. e4 g6 2. d4 c6 3. f4 Bg7 4. c3 d5 5. e5 h5 6. Bd3 Nh6 7. Nf3 Bf5 8. 0-0 Bxd3 9. Qxd3 Nf5 10. Na3 e6 11. Nc2 Nd7 12. Ne3 Bf8 13. Nxf5 gxf5 14. Ng5 h4 15. Rf3 Be7 16. Rh3 Nf8 17. Nf3 Ng6 18. Be3 Qb6 19. Qd2 c5 20. dxc5 Bxc5 21. Bxc5 Qxc5+ 22. Nd4 a6 23. Kh1 0-0-0 24. Rf3 Kb8 25. Rc1 Qb6 26. Qf2 Rc8 27. Rd3 Nf8 28. Rf1 Nd7 29. Rh3 f6 30. exf6 Nxf6 31. Nf3 Qa5 32. Qd4 Ng4 33. Ne5 Qc7 34. Nxg4 fxg4 35. Re3 Qd7 36. Qe5+ Ka8 37. Qxe6 Qb5 38. Rfe1 h3 39. b3 hxg2+ 40. Kxg2 Qa5 41. R1e2 Rxc3 42. Qf6 Rhc8 43. Rxc3 Qxc3 44. Qxc3 Rxc3 45. Rd2 Rc5 46. Kg3 Kb8 47. Kxg4 Kc7 48. f5 Kd6 49. Kg5 Rc8 50. Kg6 Rc1 51. Kf6 Rf1 52. h4 Rh1 53. Rd4 Kc5 54. Rg4 d4 55. Kg7 d3 56. Rg2 Rxh4 57. f6 Rf4 58. f7 Kd4 59. f8Q Rxf8 60. Kxf8 Kc3 61. Ke7 d2 62. Rg1 b5 63. Kd6 Kc2 64. Kc5 d1Q 65. Rxd1 Kxd1 66. Kb6 b4 67. Kxa6 Kd2 68. Kb5 Kc3 69. Kc5 1-0

[Event "Mittelfrankenliga-B1 0708"]
[Site "Mittelfranken"]
[Date "2008.04.27"]
[Round "9.8"]
[White "Heller, Michael"]
[Black "Siptitz, Friedrich"]
[Result "0-1"]
[WhiteElo "1724"]
[BlackElo "1960"]
[PlyCount "48"]
[EventDate "2007.10.14"]
[EventType "team-tourn"]
[EventRounds "9"]
[EventCountry "GER"]
[SourceTitle "EXT 2011"]
[Source "ChessBase"]
[SourceDate "2010.11.26"]
[SourceVersion "1"]
[SourceVersionDate "2010.11.26"]
[SourceQuality "1"]
[WhiteTeam "Buechenbach/Roth"]
[BlackTeam "Nuernberg Sued SW II"]
[WhiteTeamCountry "GER"]
[BlackTeamCountry "GER"]

1. c4 c5 2. Nc3 Nc6 3. e4 g6 4. Be2 Bg7 5. Nf3 d6 6. 0-0 Nf6 7. d3 0-0 8. Nd5 Bg4 9. Nd2 Bxe2 10. Qxe2 Nd4 11. Qd1 Nxd5 12. cxd5 b5 13. Nf3 a5 14. Rb1 e5 15. Nxd4 exd4 16. a4 bxa4 17. Qxa4 f5 18. Bd2 fxe4 19. dxe4 Qe8 20. Qxe8 Rfxe8 21. f3 a4 22. b4 c4 23. Rfd1 c3 24. Bxc3 dxc3 0-1

[Event "Mittelfrankenliga-B2a 0708"]
[Site "Mittelfranken"]
[Date "2007.11.25"]
[Round "3.2"]
[White "Siptitz, Friedrich"]
[Black "Reinders, Rudolf"]
[Result "0-1"]
[WhiteElo "1960"]
[BlackElo "1875"]
[PlyCount "104"]
[EventDate "2007.10.14"]
[EventType "team-tourn"]
[EventRounds "9"]
[EventCountry "GER"]
[SourceTitle "EXT 2011"]
[Source "ChessBase"]
[SourceDate "2010.11.26"]
[SourceVersion "1"]
[SourceVersionDate "2010.11.26"]
[SourceQuality "1"]
[WhiteTeam "Nuernberg Sued SW III"]
[BlackTeam "Erlangen BSGW"]
[WhiteTeamCountry "GER"]
[BlackTeamCountry "GER"]

1. d4 Nf6 2. c4 e6 3. Nf3 Bb4+ 4. Nbd2 0-0 5. Qc2 d5 6. e3 c6 7. a3 Bd6 8. Bd3 Nbd7 9. 0-0 b6 10. e4 dxe4 11. Nxe4 Be7 12. b4 Bb7 13. c5 b5 14. Bf4 Nxe4 15. Bxe4 Nf6 16. Bd3 h6 17. Rad1 a5 18. Qe2 axb4 19. axb4 Qd5 20. Ra1 Qb3 21. Rab1 Qd5 22. h3 Ra2 23. Rb2 Rfa8 24. Rfb1 Ra1 25. Be3 Ne4 26. Qc2 Ng5 27. Nxg5 Bxg5 28. f4 Bf6 29. Be4 Qd7 30. Qf2 Be7 31. Rxa1 Rxa1+ 32. Kh2 f5 33. Bf3 Qc7 34. Ra2 Rb1 35. Rb2 Ra1 36. Qc2 Bf6 37. Qb3 Kf7 38. g3 Qd8 39. Rd2 Qa8 40. Rb2 Ra3 41. Qc2 Rxe3 42. Ra2 Ra3 43. Rxa3 Qxa3 44. Bg2 Bxd4 45. Qd2 Qa1 46. h4 Qb2 47. Qd1 Qxb4 48. Qh5+ Kf8 49. Qg6 Bf6 50. Qh7 Qxc5 51. Qh8+ Kf7 52. Qb8 Qe7 0-1

[Event "Mittelfrankenliga-B1 0607"]
[Site "Mittelfranken"]
[Date "2006.10.22"]
[Round "1.5"]
[White "Cipra, Lothar"]
[Black "Siptitz, Friedrich"]
[Result "0-1"]
[WhiteElo "1939"]
[BlackElo "1950"]
[PlyCount "96"]
[EventDate "2006.10.22"]
[EventType "team-tourn"]
[EventRounds "9"]
[EventCountry "GER"]
[SourceTitle "EXT 2011"]
[Source "ChessBase"]
[SourceDate "2010.11.26"]
[SourceVersion "1"]
[SourceVersionDate "2010.11.26"]
[SourceQuality "1"]
[WhiteTeam "Schwanstetten"]
[BlackTeam "Nuernberg Sued SW II"]
[WhiteTeamCountry "GER"]
[BlackTeamCountry "GER"]

1. d4 Nf6 2. c4 e6 3. g3 d5 4. Bg2 c6 5. Nf3 Nbd7 6. Nbd2 Be7 7. 0-0 0-0 8. Qc2 Re8 9. b3 b6 10. Bb2 Ba6 11. e4 dxe4 12. Nxe4 Nxe4 13. Qxe4 Bb7 14. Rad1 Nf6 15. Qc2 Qc7 16. Ne5 Rad8 17. h3 c5 18. dxc5 Bxc5 19. Qe2 Bxg2 20. Kxg2 Nd7 21. Ng4 Qc6+ 22. f3 f6 23. Nf2 Bxf2 24. Qxf2 Nc5 25. Qe3 a5 26. Rd4 e5 27. Rd2 Rxd2+ 28. Qxd2 e4 29. Qe3 Nd3 30. Bc3 exf3+ 31. Qxf3 Re2+ 32. Kh1 Qxf3+ 33. Rxf3 Nc1 34. a3 Nxb3 35. Bxf6 Nd2 36. Rf5 gxf6 37. Rxf6 Nxc4 38. Rc6 b5 39. Rc5 Rb2 40. a4 Na3 41. Rc3 b4 42. Rc5 b3 43. Rxa5 Ra2 44. Ra8+ Kf7 45. Rb8 b2 46. a5 Ra1+ 47. Kg2 b1Q 48. Rxb1 Rxb1 0-1

[Event "Mittelfrankenliga-B1 0506"]
[Site "Germany"]
[Date "2005.11.20"]
[Round "2.7"]
[White "Kollitz, Carsten"]
[Black "Siptitz, Friedrich"]
[Result "0-1"]
[WhiteElo "1708"]
[BlackElo "1949"]
[PlyCount "144"]
[EventDate "2005.10.16"]
[EventType "team"]
[EventRounds "9"]
[EventCountry "GER"]
[SourceTitle "EXT 2007"]
[Source "ChessBase"]
[SourceDate "2006.11.23"]
[SourceVersion "1"]
[SourceVersionDate "2006.11.23"]
[SourceQuality "1"]

1. e4 g6 2. d4 Bg7 3. Nc3 c6 4. Nf3 d5 5. Bf4 dxe4 6. Nxe4 Bg4 7. c3 Nd7 8. h3 Bxf3 9. Qxf3 Ngf6 10. 0-0-0 Nd5 11. Bh2 0-0 12. Bc4 b5 13. Bb3 a5 14. Nd2 N7b6 15. h4 a4 16. Bc2 Nc4 17. Nxc4 bxc4 18. Qe2 a3 19. Qxc4 axb2+ 20. Kxb2 Qa5 21. Bb3 Qa3+ 22. Kb1 e5 23. Bxe5 Bxe5 24. dxe5 Rfb8 25. Rd2 Rb6 26. Rb2 Ra5 27. Rc1 Qe7 28. Qd4 Qb7 29. Rcc2 Qc7 30. Kc1 Rb8 31. f4 Rd8 32. Qe4 Qa7 33. Qd4 Qxd4 34. cxd4 Nxf4 35. Rxc6 Nd3+ 36. Kc2 Nxb2 37. Kxb2 Rxd4 38. Rc7 Rf4 39. g3 Rf2+ 40. Kc3 Rxe5 41. Kd4 Ra5 42. Rc3 Kg7 43. a4 h5 44. Kc4 Rff5 45. Kb4 Ra7 46. Bc2 Rb7+ 47. Ka3 Re5 48. Bd1 f6 49. Bf3 Rb6 50. Bc6 Kh6 51. Bb5 Rexb5 52. axb5 Rxb5 53. Ka4 Rb1 54. Rf3 f5 55. Rd3 Rf1 56. Kb3 f4 57. gxf4 Rxf4 58. Rh3 Rd4 59. Kc3 Rd8 60. Rg3 Rd1 61. Re3 Rd6 62. Re5 Kg7 63. Rg5 Kf6 64. Kc4 Rd1 65. Rg3 Rh1 66. Rf3+ Ke5 67. Rg3 Rxh4+ 68. Kd3 Kf5 69. Ke3 Ra4 70. Kf2 g5 71. Rh3 h4 72. Kg2 Kg4 0-1

[Event "Regionalliga NO 0405"]
[Site "Bayern"]
[Date "2004.12.12"]
[Round "4.6"]
[White "Hein, Manfred"]
[Black "Siptitz, Friedrich"]
[Result "1-0"]
[WhiteElo "2032"]
[BlackElo "1965"]
[PlyCount "101"]
[EventDate "2004.10.24"]
[EventType "team-tourn"]
[EventRounds "9"]
[EventCountry "GER"]
[SourceTitle "EXT 2007"]
[Source "ChessBase"]
[SourceDate "2006.11.23"]
[SourceVersion "1"]
[SourceVersionDate "2006.11.23"]
[SourceQuality "1"]
[WhiteTeam "Gunzenhausen"]
[BlackTeam "Nuernberg Sued SW II"]
[WhiteTeamCountry "GER"]
[BlackTeamCountry "GER"]

1. e4 g6 2. d4 Bg7 3. Nc3 d6 4. Be3 c6 5. Qd2 b5 6. a3 a6 7. f4 Nf6 8. h3 Nbd7 9. Nf3 Qc7 10. Be2 Bb7 11. 0-0 d5 12. e5 Ng8 13. Nd1 e6 14. Nf2 Ne7 15. Nd3 0-0 16. g4 f6 17. Rf2 c5 18. c3 c4 19. Nde1 f5 20. g5 a5 21. Nc2 Nc6 22. h4 Rfb8 23. Rff1 Kf7 24. Bf2 Qb6 25. Be1 Bf8 26. h5 Be7 27. Kg2 Rh8 28. Rh1 Rag8 29. Bg3 Qd8 30. Rh2 Nb6 31. Rah1 Na4 32. hxg6+ hxg6 33. Ne3 Rxh2+ 34. Rxh2 Rh8 35. Bd1 Nb6 36. Kg1 b4 37. axb4 axb4 38. Qc1 Rxh2 39. Nxh2 Bxg5 40. fxg5 Qxg5 41. Nhf1 f4 42. Ng2 bxc3 43. bxc3 Qe7 44. Qxf4+ Ke8 45. Bh4 Qa3 46. Qf6 Qxc3 47. Qxe6+ Kf8 48. Qf6+ Ke8 49. Qxg6+ Kd7 50. Bg4+ Kc7 51. Qd6# 1-0

[Event "Regionalliga NO 0405"]
[Site "Bayern"]
[Date "2004.11.28"]
[Round "3.7"]
[White "Gegenfurtner, Juergen"]
[Black "Siptitz, Friedrich"]
[Result "1-0"]
[WhiteElo "1888"]
[BlackElo "1965"]
[PlyCount "61"]
[EventDate "2004.10.24"]
[EventType "team-tourn"]
[EventRounds "9"]
[EventCountry "GER"]
[SourceTitle "EXT 2007"]
[Source "ChessBase"]
[SourceDate "2006.11.23"]
[SourceVersion "1"]
[SourceVersionDate "2006.11.23"]
[SourceQuality "1"]
[WhiteTeam "Sinzing"]
[BlackTeam "Nuernberg Sued SW II"]
[WhiteTeamCountry "GER"]
[BlackTeamCountry "GER"]

1. e4 g6 2. d4 Bg7 3. Nc3 d6 4. Be3 c6 5. Qd2 b5 6. f3 h5 7. a3 Nd7 8. d5 a6 9. dxc6 Ne5 10. Nd5 Nxc6 11. Bb6 Qd7 12. Nc7+ Kf8 13. Nxa8 Qb7 14. c3 Qxa8 15. Bd3 Be6 16. Ne2 h4 17. Nd4 Bd7 18. Nxc6 Qxc6 19. Bd4 Nf6 20. 0-0 e5 21. Be3 Nh5 22. Rfd1 Bf6 23. a4 Kg7 24. axb5 axb5 25. Bf1 Be7 26. Qd5 Qc8 27. Ra7 Nf4 28. Qb7 Qxb7 29. Rxb7 Rd8 30. Bb6 Be6 31. Rxe7 1-0

[Event "Regionalliga NO 0405"]
[Site "Bayern"]
[Date "2004.11.14"]
[Round "2.7"]
[White "Siptitz, Friedrich"]
[Black "Dietrich, Jochen"]
[Result "1/2-1/2"]
[WhiteElo "1965"]
[BlackElo "1988"]
[PlyCount "89"]
[EventDate "2004.10.24"]
[EventType "team-tourn"]
[EventRounds "9"]
[EventCountry "GER"]
[SourceTitle "EXT 2007"]
[Source "ChessBase"]
[SourceDate "2006.11.23"]
[SourceVersion "1"]
[SourceVersionDate "2006.11.23"]
[SourceQuality "1"]
[WhiteTeam "Nuernberg Sued SW II"]
[BlackTeam "Schwabach"]
[WhiteTeamCountry "GER"]
[BlackTeamCountry "GER"]

1. d4 Nf6 2. c4 g6 3. Nc3 Bg7 4. e4 d6 5. f3 c6 6. Be3 Nbd7 7. Qd2 a6 8. Bd3 b5 9. Nge2 Bb7 10. 0-0 0-0 11. h3 e5 12. d5 cxd5 13. cxd5 Nc5 14. Bc2 Ne8 15. b4 Nd7 16. g4 Nb6 17. Bd3 Nc4 18. Bxc4 bxc4 19. Ng3 Bc8 20. Kh2 Rb8 21. Rab1 f5 22. gxf5 gxf5 23. Bg5 Qb6 24. Qg2 f4 25. Nh5 Rb7 26. Rg1 Kh8 27. Bh4 Qc7 28. Nxg7 Qxg7 29. Qxg7+ Rxg7 30. a4 Rg6 31. Rxg6 hxg6 32. b5 axb5 33. axb5 Rf7 34. Bg5 Rh7 35. h4 Ra7 36. Rb4 Bd7 37. Rxc4 Rb7 38. Rb4 Nc7 39. b6 Na8 40. Bd8 Kg7 41. Rc4 Kf7 42. Rb4 Ke8 43. Bg5 Rxb6 44. Rxb6 Nxb6 45. Kg1 1/2-1/2